Maigret en vichy : La taberna de los dos centavos : La muerte del señor Gallet / (Record no. 28696)

MARC details
000 -LEADER
campo de control de longitud fija 00603nam a22002057a 4500
001 - NÚMERO DE CONTROL
campo de control 00028663
005 - FECHA Y HORA DE LA ÚLTIMA TRANSACCIÓN
campo de control 20260328091315.0
008 - DATOS DE LONGITUD FIJA--INFORMACIÓN GENERAL
campo de control de longitud fija 260328b ag ||||| |||| 00| 0 spa d
020 ## - NÚMERO INTERNACIONAL ESTÁNDAR DEL LIBRO
Número Internacional Estándar del Libro 8475309615
040 ## - FUENTE DE CATALOGACIÓN
Centro catalogador/agencia de origen AR-CcCEOS
Lengua de catalogación Español; Castellano
Centro/agencia transcriptor AR-CcCEOS
041 ## - CÓDIGO DE IDIOMA
Código de lengua del texto/banda sonora o título independiente Español; Castellano
080 ## - NÚMERO DE LA CLASIFICACIÓN DECIMAL UNIVERSAL
Número de la Clasificación Decimal Universal 840-3
090 ## - LOCALMENTE ASIGNADO TIPO-LC NÚMERO DE CLASIFICACIÓN (OCLC); NÚMERO DE CLASIFICACIÓN LOCAL (RLIN)
Número cutter local (OCLC) ; Número de libro/Signatura topográfica íntegra, CALL (RLIN) SIM
100 1# - ENTRADA PRINCIPAL--NOMBRE DE PERSONA
Nombre de persona Simenon, Georges,
Fechas asociadas al nombre 1903-1989
9 (RLIN) 985
245 ## - MENCIÓN DEL TÍTULO
Título Maigret en vichy : La taberna de los dos centavos : La muerte del señor Gallet /
Mención de responsabilidad, etc. Georges Simenon
264 ## - PRODUCCIÓN, PUBLICACIÓN, DISTRIBUCIÓN, FABRICACIÓN Y COPYRIGHT
Producción, publicación, distribución, fabricación y copyright Barcelona :
Nombre del de productor, editor, distribuidor, fabricante Orbis,
Fecha de producción, publicación, distribución, fabricación o copyright c1968.
300 ## - DESCRIPCIÓN FÍSICA
Extensión 345 p. ;
Dimensiones 20x12 cm.
655 #0 - TERMINO DE INDIZACIÓN--GENERO/FORMA
Datos o término principal de género/forma literatura
9 (RLIN) 19
Subdivisión de forma novela
942 ## - ELEMENTOS DE ENTRADA SECUNDARIOS (KOHA)
Fuente de la clasificación o esquema de estantería Clasificación decimal universal
Tipo de ítem Koha Libros
Suprimir en OPAC No
Holdings
Estatus retirado Estado de pérdida Fuente de la clasificación o esquema de estantería Estado de daño No para préstamo Biblioteca de origen Biblioteca actual Fecha de adquisición Número de inventario Total de préstamos Signatura topográfica completa Información codificada de la localización en otra ubicación Colección Código de barras Visto por última vez Precio de reemplazo Tipo de ítem Koha
    Clasificación decimal universal     Biblioteca Julio Serebrinsky Biblioteca Julio Serebrinsky 28/03/2026 46265   840-3 SIM SER 46265 28/03/2026 28/03/2026 Libros